Экономическая география и регионалистика: учебное пособие

Dades bibliogràfiques
Autor principal: Шишов С. С. Сергей Сергеевич
Idioma:rus
Publicat: Москва, Финстатинформ, 1999
Edició:2-е изд., перераб. и доп.
Matèries:
Format: Llibre
KOHA link:https://koha.lib.tpu.ru/cgi-bin/koha/opac-detail.pl?biblionumber=12726

MARC

LEADER 00000nam0a2200000 4500
001 12726
005 20231030184544.0
010 |a 5786600637 
035 |a (RuTPU)RU\TPU\book\12805 
035 |a BOOK00012872 
090 |a 12726 
100 |a 20011209d1999 m y0rusy50 ca 
101 0 |a rus 
102 |a RU 
105 |a y j 000zy 
200 1 |a Экономическая география и регионалистика  |e учебное пособие  |f С. С. Шишов 
205 |a 2-е изд., перераб. и доп. 
210 |a Москва  |c Финстатинформ  |d 1999 
215 |a 185 с. 
610 1 |a экономика 
610 1 |a экономическая география 
610 1 |a Россия 
610 1 |a регионалистика 
610 1 |a география 
610 1 |a регионоведение 
610 1 |a учебные пособия 
686 |a У04(2)я73  |v LBC/SL-A  |2 rubbk 
686 |a У9(2..)я73  |v LBC/SL-A  |2 rubbk 
700 1 |a Шишов  |b С. С.  |g Сергей Сергеевич 
801 0 |a RU  |b 63413507  |c 20011209  |g PSBO 
801 2 |a RU  |b 63413507  |c 20170614  |g PSBO 
942 |c BK